00486nam a22001817a 450000500170000000800410001701000140005802000150007202000170008703500130010408200110011710000160012824500420014426000390018626000090022530000200023450000500025420081022113430.0081022t xxu||||| |||| 00| 0 eng d aENG-84295 a019568785X c225.00 (pbk) aEN-67828 a954.01 aSharma, R S aIndia's ancient past /cby R S Sharma aNew DelhibOxford University Press c2005 axiii,387pc22cm aIncludes bibliographical references and index